| 000 | 00571nam a22001817a 4500 | ||
|---|---|---|---|
| 008 | 170616b xxu||||| |||| 00| p tur d | ||
| 020 | _a9789750817199 | ||
| 041 | _atur | ||
| 050 | _aPL248.M376 | ||
| 100 |
_9159 _aRoni Margulies |
||
| 245 | _aApollo Yılları | ||
| 250 | _a1. baskı | ||
| 260 |
_aİstanbul _bYapı Kredi Yayınları _cOcak 2010 |
||
| 300 | _a80 sayfa | ||
| 500 | _aYapı Kredi Yayınları: 3033; Şiir: 270 2 adet mevcuttur. El yazısı ile yazılmış notlar ve değerlendirmeler mevcuttur. | ||
| 650 | 0 |
_9145 _aTürk Edebiyatı |
|
| 942 |
_2lcc _cBK |
||
| 999 |
_c1167 _d1145 |
||